Bikini Bottom Day Lyrics - Statistics

General Stats
  • This quiz has been taken 4 times
  • The average score is 52 of 110
Answer Stats
Answer % Correct
SB: Full {steam} ahead; the S.S. I Am Ready is about to set sail!
75%
SB: Good morning world, and all who {inhabit} it!
75%
SB: It's the best {day} ever!
75%
SB: Jump out of bed, mix up a {breakfast} for my fav’rite pet snail.
75%
SB: This kind of day couldn't get much better but it keeps on {trying}...
75%
SP & EK: Just a typical Bikini Bottom {Day}...
75%
All: for all are welcome here! Bikini Bottom {blue}, yes, I'll stay true-
50%
All: In the flow, whoa! Swim with the {current} ‘til it carries you along!
50%
All: In the world-{renowned} Bikini Bottom, our own home town-
50%
All: It's a {typical}...
50%
All: I will always vow and pledge {allegiance} to this town that I hold dear,
50%
All: On my {way}! Hey!
50%
All: What a day, hey! Looks like the {weather} is the best it's ever been!
50%
BB: Bikini {Bottom}…
50%
BB, repeated: To the Bikini Bottom {way}!
50%
EK: {Bikini Bottom}!
50%
EK: Bikini {bottom}!
50%
EK: Good weather's best when you’re in the mood to make a ton of {money}!
50%
EK: Ha! Who would say that? Probably some {penniless} jerk!
50%
EK: They say that money doesn't matter when you {love} your work.
50%
EK: Winds from the {west}, everywhere you look the skies are clear and sunny...
50%
FN: Ah. yes, the Krusty Krab, Bikini Bottom’s most popular {dining} establishment, home to the Krabby Patty.
50%
FN: And across town, the least popular restaurant -- the {Chum Bucket},
50%
FN: From {Texas}.
50%
FN: Home to a creature {seldom} seen here on the ocean floor: a squirrel,
50%
FN: Owned and operated by Mr. {Eugene Krabs}.
50%
FN: Run by {Sheldon J. Plankton}.
50%
FN: This is {Sandy Cheeks}, the scientist, hard at work on her latest invention.
50%
FN: Two arch-{nemeses} locked in a fast food Cold War.
50%
FN: We now follow SpongeBob past the {treedome};
50%
KP: Come on, Sheldon. It’d take forever to {hypnotize} this whole town.
50%
KP: What can I say? After twenty years of {marriage}, the magic’s gone.
50%
KP: With you, there’s {always} another plan.
50%
PS: Every single one! I'm spending all day {underneath} my favorite rock!
50%
PS: I don't {think} so.
50%
PS: I missed a {snack}; this busy schedule makes it hard to be me...
50%
PS: Is it {morning} already?
50%
PS: Nothing rhymes with rock! It's a {typical} Bikini Bottom day…
50%
PS: Now what {rhymes} with rock?
50%
PS: Ooh, I want a {verse}! I want a {verse}!!
50%
PS & SB: Good morning, {Squidward}!
50%
PS & SB: {Mermaid} Man!
50%
PS: There might not be time for a {nap} but I'll do what I can;
50%
PS: To stay on {track}, now I’ll have to eat it while I’m watching TV!
50%
SB: And a {lot} of things rhyme with rock.
50%
SB: And it’s always {true}!
50%
SB: {Bikini} Bottom!
50%
SB: Bikini {Bottom}!
50%
SB: {Bye}, Patrick!
50%
SB: {Gary}, it's me!
50%
SB: Good morning, {Patrick}!
50%
SB: {Happy} just to be here-
50%
SB: Hiya, {Sandy}!
50%
SB: How I love this {town}, Bikini Bottom!
50%
SB: I don’t know. But I kinda {liked} it.
50%
SB: I’ll see you at {work}, Squidward.
50%
SB: I’m off to work too, at the {greatest} restaurant there is!
50%
SB: In fact, I'd say this could be the {best} day ever!
50%
SB: In the world-renowned {Bikini Bottom}!
50%
SB: It's a {great} day, Squidward.
50%
SB: {Pop} n’lock!
50%
SB: Somewhere there's a {Krabby Patty} that needs frying!
50%
SB: Sure. Clock, smock, {electroshock}...
50%
SB: We've got the best {sun} ever!
50%
SB: When the sun shines {down} on a beautiful Bikini Bottom day!
50%
SB: Who's always extra careful with his {dental} hygiene?
50%
SB: Who's the lucky {sponge} in the mirror who is living his dream?
50%
SB: Yep, and I’m singing an opening {number}!
50%
SC: Above the town and {looking} down on a typical Bikini Bottom day… Hey!
50%
SC: A few more {hours} at most,
50%
SC: and I'll be done with this here brand-new {jetpack}...
50%
SC: And then this Texas squirrel, this {country} girl will spread her wings and fly!
50%
SC: Gee golly, that was close; it’s just a little {smoke}, a minor setback!
50%
SC: {Howdy}, SpongeBob!
50%
SC: My bushy tail’s a {comet}’s trail, clear across the sky!
50%
SC: What in chicken-fried {tarnation} was that?
50%
SP: And this {town} is all mine!
50%
SP: It’s almost too {easy}.
50%
SP: It's just a matter of {time}!
50%
SP: I've got a plan, and I went to {college} so you know it's clever…
50%
SP: {Laugh} while you can, until the day you {laugh} no more, forever, forever!
50%
SP: Quiet, computer {wife}!
50%
SP: Soon the day will come when they'll all {love} chum!
50%
SP: Soon they’ll all see; I may be small, but my {genius} is immense!
50%
SP: This time, it’ll work! I’ll make everyone love my Chum {Burgers} through the power of hypnosis.
50%
SP: Till I get them in {line}!
50%
SP: You used to enjoy my evil {schemes}!
50%
ST: Another day, another {migraine}...
50%
ST: A sensitive {artiste} can't get a moment's peace-
50%
ST: A typical {Bikini Bottom} day…
50%
ST: They never go {away},
50%
ST: What have I done to {deserve} this?
50%
ST: When I want some {quiet}, there's nowhere to go!
50%
ST: With these two idiots in {stereo}!
50%
ST: Would you {two} please keep it down?
50%
ST: You say that {every day}.
50%
All: Here we go, whoa! Another {busy} day where nothing will go wrong!
25%
BB: {Hey}! Bikini Bottom, Bikini Bottom day!
25%
PS: {Ooh}!
25%
PS: They're showing all the {episodes} of —
25%
SB: {Exceptional}!
25%
SB: {Extraordinary}!
25%
SB: {Incredible}!
25%
SB: No, Patrick, it's a {beautiful} day.
25%
SC: ‘Scuse me, SpongeBob. I’m gonna go {power} up the ol’ seis-o-mograph.
25%
All: And the sun {shines} down, the sun {shines} down, the sun {shines} down, the sun {shines} down…
0%
All: {Sunny weather}, {sunny weather}!
0%
All: The pulse is pumping and the traffic's {fin} to {fin}!
0%
BB: An {ordinary}...
0%
BB: A {regular}...
0%
No matching quizzes found
Score Distribution
Percent of People with Each Score
Percentile by Number Answered
Your Score History
You have not taken this quiz